000 00313nam a2200121Ia 4500
008 151213s9999 xx 000 0 und d
245 _aThe Planet Earth :The World Book Encyclopedia of Service
260 _bWorld Book
300 _a2976 p.
650 _aEncyclopedia Pep
650 _aReference
999 _c2063
_d2063